Contemporary mathematics for business and consumers : brief (Record no. 253160)

MARC details
000 -LEADER
fixed length control field 00700nam a2200217Ia 4500
008 - FIXED-LENGTH DATA ELEMENTS--GENERAL INFORMATION
fixed length control field 191130s2006##################000#0#eng##
020 ## - INTERNATIONAL STANDARD BOOK NUMBER
ISBN 9780324568493
082 ## - DEWEY DECIMAL CLASSIFICATION NUMBER
Classification number 650.01513 BRE
100 ## - MAIN ENTRY--AUTHOR NAME
Personal name Brechner, Robert A
245 ## - TITLE STATEMENT
Title Contemporary mathematics for business and consumers : brief
Statement of responsibility, etc Robert A. Brechner
250 ## - EDITION STATEMENT
Edition statement 5th ed
260 ## - PUBLICATION, DISTRIBUTION, ETC. (IMPRINT)
Place of publication Mason, Ohio
Name of publisher Thomson/South-Western
Year of publication c2006
300 ## - PHYSICAL DESCRIPTION
Number of Pages xxix, 495, [20] p. : ill. ; 28 cm. ; + 1 CD-ROM (4 3/4 in.)
500 ## - GENERAL NOTE
General note Includes index
650 ## - SUBJECT ADDED ENTRY--TOPICAL TERM
Topical Term Business mathematics - Problems, exercises, etc
991 ## -
-- 330119
Holdings
Withdrawn status Lost status Damaged status Not for loan Home library Current library Shelving location Date acquired Full call number Accession Number Price effective from Koha item type
        Anna Centenary Library Anna Centenary Library 6TH FLOOR, A WING 13.10.2020 650.01513 BRE 280035 13.10.2020 English Books

Find us on the map